书目信息 |
| 题名: |
母婴、妇科护理
|
|
| 作者: | 张新宇 主编 | |
| 分册: | ||
| 出版信息: | 北京 高等教育出版社 2005 |
|
| 页数: | 293页 | |
| 开本: | 26cm | |
| 丛书名: | ||
| 单 册: | ||
| 中图分类: | R473.71 , R473.72 | |
| 科图分类: | ||
| 主题词: | 妊娠期--护理--职业教育--教材 , 产褥期--护理--职业教育--教材 , 新生儿--护理--职业教育--教材 , 妇科学--护理学--职业教育--教材 | |
| 电子资源: | ||
| ISBN: | 7-04-017190-2 | |
| 000 | 01063nam0 2200301 450- | |
| 001 | 0101160549 | |
| 005 | 20050928140344.0 | |
| 010 | @a7-04-017190-2@dCNY25.10 | |
| 011 | @a7-04-017190-2 | |
| 100 | @a20050801d2005 em y0chiy0120 ea | |
| 101 | 0 | @achi |
| 102 | @aCN@b110000 | |
| 105 | @aa z 000yy | |
| 106 | @ar | |
| 200 | 1 | @a母婴、妇科护理@9Mu Ying 、 Fu Ke Hu Li @f张新宇主编@b专著 |
| 210 | @a北京@c高等教育出版社@d2005 | |
| 215 | @a293页@c图@d26cm | |
| 300 | @a卫生职业学校技能型紧缺人才培养培训教学用书 (供三年制高等职业教育护理专业用) | |
| 330 | @a本书系统地介绍了母婴、妇科护理必备的基本理论、基础知识和基本技能,编写中采用了大量表格和示意图等直观教学内容,每章后配有练习题。 | |
| 606 | 0 | @a妊娠期@x护理@x职业教育@j教材 |
| 606 | 0 | @a产褥期@x护理@x职业教育@j教材 |
| 606 | 0 | @a新生儿@x护理@x职业教育@j教材 |
| 606 | 0 | @a妇科学@x护理学@x职业教育@j教材 |
| 690 | @aR473.71@v4 | |
| 690 | @aR473.72@v4 | |
| 701 | 0 | @a张新宇@c(女,@f1962?~)@4主编@9zhang xin yu |
| 801 | 0 | @aCN@bAZmarc@c20230901 |
| 905 | @aBZT@dR473.71@e18@f23@sR473.71/18 | |
| 母婴、妇科护理/张新宇主编.-北京:高等教育出版社,2005 |
| 293页:图;26cm |
| 卫生职业学校技能型紧缺人才培养培训教学用书 (供三年制高等职业教育护理专业用) |
| ISBN 7-04-017190-2:CNY25.10 |
| 本书系统地介绍了母婴、妇科护理必备的基本理论、基础知识和基本技能,编写中采用了大量表格和示意图等直观教学内容,每章后配有练习题。 |
| ● |
| 相关链接 |
|
|
|
正题名:母婴、妇科护理
索取号:R473.71/18
 
预约/预借
| 序号 | 登录号 | 条形码 | 馆藏地/架位号 | 状态 | 备注 |
| 1 | 2000015486 | 2000015486 | 旧书回溯/ [索取号:R473.71/18] | 在馆 | |
| 2 | 2000015487 | 2000015487 | 旧书回溯/ [索取号:R473.71/18] | 在馆 | |
| 3 | 2000015488 | 2000015488 | 旧书回溯/ [索取号:R473.71/18] | 在馆 | |
| 4 | 2000016737 | 2000016737 | 旧书回溯/ [索取号:R473.71/18] | 在馆 | |
| 5 | 2000016738 | 2000016738 | 旧书回溯/ [索取号:R473.71/18] | 在馆 | |
| 6 | 2000019593 | 2000019593 | 旧书回溯/ [索取号:R473.71/18] | 在馆 | |
| 7 | 2000019594 | 2000019594 | 旧书回溯/ [索取号:R473.71/18] | 在馆 | |
| 8 | 2000019595 | 2000019595 | 旧书回溯/ [索取号:R473.71/18] | 在馆 | |
| 9 | 2000019596 | 2000019596 | 旧书回溯/ [索取号:R473.71/18] | 在馆 | |
| 10 | 2000019597 | 2000019597 | 旧书回溯/ [索取号:R473.71/18] | 在馆 | |
| 11 | 2000062234 | 2000062234 | 旧书回溯/ [索取号:R473.71/18] | 在馆 | |
| 12 | 2000062235 | 2000062235 | 旧书回溯/ [索取号:R473.71/18] | 在馆 | |
| 13 | 2000062957 | 2000062957 | 旧书回溯/ [索取号:R473.71/18] | 在馆 | |
| 14 | 2000064749 | 2000064749 | 旧书回溯/ [索取号:R473.71/18] | 在馆 | |
| 15 | 2000065452 | 2000065452 | 旧书回溯/ [索取号:R473.71/18] | 在馆 | |
| 16 | 2000065460 | 2000065460 | 旧书回溯/ [索取号:R473.71/18] | 在馆 | |
| 17 | 2000065461 | 2000065461 | 旧书回溯/ [索取号:R473.71/18] | 在馆 | |
| 18 | 2000135674 | 2000135674 | 旧书回溯/ [索取号:R473.71/18] | 在馆 | |
| 19 | 2000135675 | 2000135675 | 旧书回溯/ [索取号:R473.71/18] | 在馆 | |
| 20 | 2000135683 | 2000135683 | 旧书回溯/ [索取号:R473.71/18] | 在馆 | |
| 21 | 2000135684 | 2000135684 | 旧书回溯/ [索取号:R473.71/18] | 在馆 | |
| 22 | 2000135685 | 2000135685 | 旧书回溯/ [索取号:R473.71/18] | 在馆 | |
| 23 | 2000135686 | 2000135686 | 旧书回溯/ [索取号:R473.71/18] | 在馆 |